000
00266nam a22001097a 4500
008
230623b xxu||||| |||| 00| 0 eng d
082
_a
328.773
_b
ILL
100
_c
Jesse White
245
_a
Illinois Handbook of Government 2003-2004
300
_a
139p
942
_2
ddc
_c
BK
999
_c
2379
_d
2379